| 000 | 00966nam a22002055i 4500 | ||
|---|---|---|---|
| 001 | 172452 | ||
| 003 | ES-MaACL | ||
| 005 | 20250808063547.0 | ||
| 008 | 090707s1875 sp |||| | spa d | ||
| 100 | 1 |
_aLópez García, Leopoldo, _d1854-1932 _9129206 |
|
| 245 | 1 | 0 |
_aMemoria leida en la Sociedad Los Escolares Médicos en la sesión científica celebrada el día 23 de abril de 1875 / _cpor el socio fundador Leopoldo López García. |
| 260 |
_aMadrid : _b[s.n.], _c1875 ( _fImp. de C. Moliner y Cía.) |
||
| 300 |
_a64 p. ; _c22 cm. |
||
| 505 | 8 | _aTema: Muerte real y muerte aparente, medios para distinguirlas | |
| 650 | 7 |
_aMuerte (Biología) _2embne _9136554 |
|
| 710 | 2 |
_aSociedad "Los Escolares Médicos" _9134865 |
|
| 852 |
_aES-MaACL _jT-351-F-22 _z.- Sello de "Los Escolares Médicos" |
||
| 852 |
_aES-MaACL _jT-844-F-1 _z.- Enc. en un vol. facticio conservando la enc. original _z.- Sello de "Los escolares médicos" |
||
| 999 |
_c172452 _d172452 |
||